Departamentos de Misiones (En un mapa) - Estadísticas

Estadísticas generales
  • Esta prueba ha sido intentada 54 veces
  • La puntuación promedio es 11 de 17
Respuestas en el mapa
Las respuestas están codificadas por una escala verde-roja en el mapa de la prueba según el % correcto abajo.
 
Estadísticas de respuestas
Respuesta % Correcto
Iguazú
95%
El Dorado
90%
Oberá
86%
Apóstoles
76%
San Ignacio
76%
Capital
71%
General Manuel Belgrano
67%
Candelaria
62%
Libertador General San Martín
62%
Montecarlo
62%
Guaraní
57%
Leandro N. Alem
57%
Veinticinco de Mayo
57%
Cainguás
48%
Concepción
48%
San Javier
43%
San Pedro
43%
No se encontraron pruebas coincidentes
Distribución de puntuación
Porcentaje de gente con cada puntuación
Porcentaje por número respondido
Historial de tus puntuaciones
No has intentado esta prueba.